Složení betonu : určeno pro školení techn. kádrů /

Main Author: Brebera, Antonín, 1892-
Language: Czech
Published: Praha : Technicko-vědecké vydavatelství, 1951
Series: Knižnice ministerstva stavebního průmyslu
Online Access: Digitalizovaný dokument
Physical Description: 119 s. : il. ; 8°
Book
Saved in:
LEADER 01140nam a22002892a 4500
001 001418333
003 CZ BrMZK
005 20150825095941.0
007 ta
008 140908s1951 xr a er|||||||||||cze d
015 |a cnb000678583 
035 |a (OCoLC)85438706 
040 |a ABA001  |b cze  |c BOA001  |d ABA001 
100 1 |a Brebera, Antonín,  |d 1892-  |7 jk01013063  |4 aut 
245 1 0 |a Složení betonu :  |b určeno pro školení techn. kádrů /  |c A. Brebera 
260 |a Praha :  |b Technicko-vědecké vydavatelství,  |c 1951 
300 |a 119 s. :  |b il. ;  |c 8° 
490 1 |a Knižnice ministerstva stavebního průmyslu ;  |v sv. 3 
500 |a 2000 výt. 
504 |a Obsahuje bibliografii 
830 0 |a Knižnice ministerstva stavebního průmyslu 
856 4 1 |u http://www.digitalniknihovna.cz/mzk/uuid/uuid:fa9f30e0-37e6-11e4-8f64-005056827e52  |y Digitalizovaný dokument  |x NDK 
910 |a BOA001  |b 2-0282.386 
990 |a BK 
991 |b 201409 
996 6 |b 2618868294  |c 2-0282.386  |l MZK  |r Sklad / do 24 hodin  |n 0  |w 001453371  |u 000020  |a 1  |e BOA001  |j MZK50  |s P 
996 7 |b 2619029952  |c 2-0282.386  |l MZK  |r Sklad / do 24 hodin  |n 1  |w 001453371  |u 000010  |a 1  |e BOA001  |j MZK50  |s A